| Tag |
First Indicator |
Second Indicator |
Subfields |
| LEADER |
00000cam a2200000Ia 4500 |
| 001 |
in00001747708 |
| 005 |
20151025051952.0 |
| 008 |
010124s2000 ne ab b 101 0 eng d |
| 020 |
|
|
|a 9058091597
|
| 035 |
|
|
|a (OCoLC)ocm45785025
|
| 040 |
|
|
|a IXA
|c IXA
|d OHX
|d TXA
|d UtOrBLW
|
| 049 |
|
|
|a TXAM
|
| 072 |
|
7 |
|a GB
|2 lcco
|
| 090 |
|
|
|a GB1003.2
|b .I57 2000
|
| 110 |
2 |
|
|a International Association of Hydrogeologists.
|b Congress
|n (30th :
|d 2000 :
|c Cape Town, South Africa)
|
| 245 |
1 |
0 |
|a Groundwater, past achievements and future challenges :
|b proceedings of the XXX IAH Congress on Groundwater ... Cape Town, South Africa, 26 November-1 December, 2000 /
|c edited by Oliver Sililo, et al.
|
| 246 |
3 |
0 |
|a Proceedings of the XXX IAH Congress on Groundwater
|
| 264 |
|
1 |
|a Rotterdam, Netherlands ;
|a Brookfield VT :
|b A.A. Balkema,
|c 2000.
|
| 300 |
|
|
|a xxiii, 1144 pages :
|b illustrations, maps ;
|c 26 cm.
|
| 336 |
|
|
|a text
|b txt
|2 rdacontent
|
| 337 |
|
|
|a unmediated
|b n
|2 rdamedia
|
| 338 |
|
|
|a volume
|b nc
|2 rdacarrier
|
| 504 |
|
|
|a Includes bibliographical references and index.
|
| 650 |
|
0 |
|a Groundwater
|x Environmental aspects
|v Congresses.
|
| 650 |
|
0 |
|a Municipal water supply
|x Environmental aspects
|v Congresses.
|
| 700 |
1 |
|
|a Sililo, Oliver.
|
| 710 |
2 |
|
|a International Association of Hydrogeologists.
|
| 938 |
|
|
|a Otto Harrassowitz
|b HARR
|n har015007731
|c 245.00 DEM
|
| 948 |
|
|
|a cataloged
|b h
|c 2003/12/18
|d c
|e mphillip
|f 3:32:47 pm
|
| 994 |
|
|
|a E0
|b TXA
|
| 999 |
|
|
|a MARS
|
| 999 |
f |
f |
|s f56537a4-ca99-3c8c-a7bd-9118eeff7bb7
|i 5a595818-73e4-3fc9-aca4-9d1fa28d36f2
|t 0
|
| 952 |
f |
f |
|p ric
|a Texas A&M University
|b Rellis Campus
|c Joint Library Facility
|d Remote Storage
|t 0
|e GB1003.2 .I57 2000
|h Library of Congress classification
|i unmediated -- volume
|m A14830896501
|
| 998 |
f |
f |
|a GB1003.2 .I57 2000
|t 0
|l Remote Storage
|